000 00587nam a2200229 a 4500
001 BRL_972
005 20190320210957.0
008 301013s1960----mx-#######---#000-1#spa-#
041 _aspa
044 _amx
050 4 _aPQ7297.G35
_b.B67 1960
100 1 _aGalindo, Sergio
_925475
245 1 0 _aEl Bordo
_cSergio Galindo.
250 _a2a ed.
260 _aMéxico
_bFondo de Cultura Económica
_c1960
300 _a210 p.
_c17 cm.
440 0 _aColección popular
_v12
_925476
500 _aAu1130
650 1 4 _anovela mexicana
_ySiglo XX
_923904
902 _aGRL
942 _2lcc
_cB
999 _c9784
_d9784